000 00697nam a2200289Ia 4500
005 20260324124143.0
008 008 260324s9999 xx 000 0 eng d
020 _a9780203807354
037 _aEBOOK
040 _aCRL
040 _beng
040 _cCRL
041 _2eng
041 _aeng
084 _qCRL
100 _aJeff Haynes; Anja Hennig
_91173050
245 0 _aReligious Actors in the Public Sphere
245 0 _bMeans, Objectives, and Effects
260 _bTaylor and Francis
260 _c2011
365 _a
365 _b240
856 _uhttp://www.taylorfrancis.com/books/9780203807354
942 _cEBOOK
999 _c1767201
_d1767201